| 000 | 00518nam a22001817a 4500 | ||
|---|---|---|---|
| 999 |
_c65631 _d65631 |
||
| 005 | 20240530110835.0 | ||
| 008 | 191021s2008 f b 000 0 ara d | ||
| 017 | _bمصر. دار الكتب | ||
| 020 | _a9783832790592 | ||
| 040 |
_aEG-CaGPL _cEG-CaGPL |
||
| 082 | 0 | 4 |
_221 _a712.7\ _bK L |
| 100 | 0 | _aKUNZ , MARTIN NICHOLAS | |
| 245 | 1 | 0 |
_aLUXURY HOTELS : _bGOLF RESORTS \ _cMARTIN NICHOLAS KUNZ |
| 260 |
_alondon : _c2008 |
||
| 300 |
_a220 P. ؛ _c28 cm |
||
| 651 | 0 | 7 |
_2qrmak _aLUXURY _xGOLF RESORTS |
| 942 |
_2ddc _cBK |
||